00422nam a2200157Ia 4500003000400000005001700004008004000021040000700061041000800068082001700076100002000093245006500113260002600178300001300204650004700217OSt20250703153457.0210210b1989 xxu||||| |||| 00| 0 eng d cAL aeng a515.723 SPIL aSpigel Murray R aSchaums outline of theory and problems of Laplace transforms aNYbMcGraw Hillc1989 avi,261p. aSchaum's Outline Series Laplace transforms